| 000 | 00524nam a2200193Ia 4500 | ||
|---|---|---|---|
| 005 | 20250508151006.0 | ||
| 008 | 008 250505s9999 xx 000 0 eng d | ||
| 037 | _aTextual | ||
| 040 |
_aFEDL _beng _cFEDL |
||
| 041 |
_aeng _2eng |
||
| 084 |
_a155.4, HYM _qFEDL |
||
| 100 |
_aHymes James L. _9758133 |
||
| 245 | 0 | _aUnderstanding your child | |
| 260 |
_aNew York, USA _bPrentice-Hall _c1952 |
||
| 300 | _axii,188p | ||
| 650 | _aChild psychology | ||
| 942 |
_cTEXL _h155.4, HYM |
||
| 999 |
_c1326909 _d1326909 |
||